Medical Care, Medical Costs <The> Search for a Health Insurance Policy
Uložené v:
| Hlavný autor: | |
|---|---|
| Médium: | Kniha |
| Jazyk: | English |
| Vydavateľské údaje: |
Cambridge
Harvard University Press
1989
|
| Vydanie: | 2. ed. |
| Predmet: | |
| Tagy: |
Žiadne tagy, Buďte prvý, kto otaguje tento záznam!
|
MARC
| LEADER | 00000nam a2200000 4500 | ||
|---|---|---|---|
| 001 | c014769 | ||
| 005 | 20221206131454.3 | ||
| 020 | |a 0-674-56053-1 | ||
| 041 | 0 | |a eng | |
| 044 | |a US | ||
| 245 | 1 | 0 | |a Medical Care, Medical Costs |b <The> Search for a Health Insurance Policy |c Rashi Fein |
| 250 | |a 2. ed. | ||
| 264 | 1 | |a Cambridge |b Harvard University Press |c 1989 | |
| 300 | |a 240 s. | ||
| 610 | 2 | 0 | |a poistenie nemocenské |
| 610 | 2 | 0 | |a politika poistná |
| 610 | 2 | 0 | |a zdravotníctvo |
| 610 | 2 | 0 | |a služby starostlivosti sociálnej |
| 610 | 2 | 0 | |a lekárnictvo |
| 610 | 2 | 0 | |a lekárstvo |
| 610 | 2 | 0 | |a ceny |
| 610 | 2 | 0 | |a starostlivosť o zdravie |
| 610 | 2 | 0 | |a poistenie zdravotné |
| 610 | 2 | 0 | |a USA |
| 610 | 2 | 0 | |a dejiny |
| 100 | 1 | |a Fein, Rashi | |